Normal view
MARC view
Entry Personal Name
001 - CONTROL NUMBER
- control field: 14779
003 - CONTROL NUMBER IDENTIFIER
- control field: OSt
005 - DATE AND TIME OF LATEST TRANSACTION
- control field: 20250307014058.0
008 - FIXED-LENGTH DATA ELEMENTS
- fixed length control field: 250307|| aca||aabn | a|a d
040 ## - CATALOGING SOURCE
- Original cataloging agency: OSt
- Transcribing agency: OSt
100 ## - HEADING--PERSONAL NAME
- Personal name: Sagge, Josephine D., author
670 ## - SOURCE DATA FOUND
- Source citation: Work cat.: (OSt): Matic, Ferdinand A., author. 14778, Factors that motivate the graduates of the Bachelor of Science in industral technology and Bachelor of Science in hotel and restaurant management of Cavite State University-Rosario to undergo on-the-job training abroad /, 2008
